=LDR 00000nam 2200000 4500 =001 INLIS000000000027251 =005 20130612125635 =008 ***********************************Ind** =035 ##$$0010-061300000027251 =041 ##$$a Ind =082 ##$$a 362.293 =090 ##$$a 362.293, Roz r =100 ##$$a Rozak, Abdul =245 ##$$a Remaja dan bahaya narkoba, Abdul Rozak, Wahyudi Sayuti =260 ##$$a 2006 $b Jakarta =300 ##$$a vii, 64 hlm, ilus, 25 cm =650 ##$$a Narkoba dan remaja =850 ##$$a NBPNMAT